Del búho a los gorriones : ensayos sobre la postmodernidad /
Gorde:
| Beste egile batzuk: | |
|---|---|
| Formatua: | Liburua |
| Hizkuntza: | Spanish |
| Argitaratua: |
San José, Costa Rica :
Ediciones Guayacán,
1993.
|
| Gaiak: | |
| Etiketak: |
Etiketa erantsi
Etiketarik gabe, Izan zaitez lehena erregistro honi etiketa jartzen!
|
MARC
| LEADER | 00000cam a2200000 a 4500 | ||
|---|---|---|---|
| 001 | 647491 | ||
| 005 | 20140709050140.0 | ||
| 008 | 931207s1993 cr b 000 0 spa c | ||
| 020 | |a 9977931127 | ||
| 040 | |a ICU |c ICU |d DLC |d cru CIICLA Universidad de Costa Rica | ||
| 082 | |a 199.728.6 |b D331d | ||
| 245 | 1 | 0 | |a Del búho a los gorriones : |b ensayos sobre la postmodernidad / |c Alexánder Jiménez, compilador |
| 260 | |a San José, Costa Rica : |b Ediciones Guayacán, |c 1993. | ||
| 300 | |a viii, 71 páginas | ||
| 504 | |a Incluye referencias bibliográficas. | ||
| 505 | |r Arnoldo Mora |t En los límites de la modernidad / | ||
| 505 | |r Manuel Formoso |t La polis mundial / | ||
| 505 | |r Jaime Robert |t Posmodernidad y epistemología / | ||
| 505 | |r Amando Robles |t Religión y posmodernidad / | ||
| 505 | |r Alexander Jiménez |t El museo imaginario postmodernos (Lo estético en la postmodernidad) / | ||
| 650 | 1 | 7 | |a POSMODERNISMO |
| 700 | 1 | |a Jiménez, Alexander. |j compilador | |
| 942 | |2 ddc |c BK | ||
| 999 | |c 3366 |d 3366 | ||



